00549nam a2200169Ia 4500999001700000003000400017005001700021008004100038040000900079082001900088100002900107245014000136260003600276300000800312650001400320942004500334 c35407d35407OSt20201216121026.0190216s9999||||xx |||||||||||||| ||und|| coclc a658.314bKUB/H aKuba, Ashok Kumar 97583 0aHow To Serve Chargesheet On Employees With Model Drafted Chargesheets On Various Misconducts Committed By Employees /cAshok Kumar Kuba bEagle Publications,aNew Delhi: a88p aEconomics cREF2ddch658.314iKUB/Hk658.314mKUB/H